00343cam a22001097a 4500008004000000082001600040245009400056260002600150300001300176650002400189700002000213180718b1960 xxu||||| |||| 00| 0 eng d aG93x42 Sh39 aJubilee lectures of the Faculty of Law, University of Sheffieldcedited by O. R. Marshall aLondonbStevensc1960 axv, 144p aLaw --Great Britain aMarshall, O. R.